[Event "World University-ch (Women)"]
[Site "Aracaju"]
[Date "2018.09.17"]
[Round "8"]
[White "Benedetti, Antonella"]
[Black "Campagnolo, Fabiola"]
[Result "1/2-1/2"]
[WhiteElo "1934"]
[BlackElo "1854"]
[PlyCount "68"]
[EventDate "2018.09.13"]
[EventType "swiss"]
[EventRounds "9"]
[EventCountry "BRA"]
[SourceTitle "CBM 186 Extra"]
[Source "ChessBase"]
[SourceDate "2018.08.24"]
[SourceVersion "1"]
[SourceVersionDate "2018.08.24"]
[SourceQuality "1"]

1. e4 d5 2. Nc3 d4 3. Nce2 e5 4. Nf3 f6 5. Ng3 Be7 6. Bb5+ Nd7 7. 0-0 c5 8. d3 Qc7 9. c4 dxc3 10. bxc3 a6 11. Ba4 b6 12. Be3 Bb7 13. a3 0-0-0 14. Nd2 Bd6 15. f4 b5 16. Bb3 Ne7 17. Qf3 exf4 18. Bxf4 Bxf4 19. Qxf4 Qxf4 20. Rxf4 Ne5 21. Bc2 Rhe8 22. d4 cxd4 23. cxd4 N5c6 24. d5 Ne5 25. Nb3 Kb8 26. Rc1 h6 27. Rff1 Rd7 28. Nc5 Rc7 29. Nxb7 Kxb7 30. Bb3 Rec8 31. Rb1 N7g6 32. h3 a5 33. d6 Rd7 34. Bd5+ Kb8 1/2-1/2

[Event "World University-ch (Women)"]
[Site "Aracaju"]
[Date "2018.09.13"]
[Round "1"]
[White "Benedetti, Antonella"]
[Black "Olsarova, Karolina"]
[Result "0-1"]
[WhiteElo "1934"]
[BlackElo "2303"]
[PlyCount "58"]
[EventDate "2018.09.13"]
[EventType "swiss"]
[EventRounds "9"]
[EventCountry "BRA"]
[SourceTitle "CBM 186 Extra"]
[Source "ChessBase"]
[SourceDate "2018.08.24"]
[SourceVersion "1"]
[SourceVersionDate "2018.08.24"]
[SourceQuality "1"]

1. e4 e5 2. Nf3 Nc6 3. d4 exd4 4. Nxd4 Bc5 5. Be3 Qf6 6. Nb5 Bxe3 7. fxe3 Qh4+ 8. g3 Qd8 9. Qg4 g5 10. N1c3 d6 11. Qf3 Ne5 12. Qf2 Ne7 13. 0-0-0 Be6 14. Nd4 Qd7 15. Bb5 c6 16. Ba4 0-0-0 17. Nxe6 Qxe6 18. Rhf1 Rhf8 19. Bb3 Qg6 20. Qf6 Ng8 21. Qxg6 hxg6 22. h3 Kd7 23. g4 Ke7 24. Ne2 Nf6 25. Nc3 Rh8 26. Rh1 Rh4 27. Kb1 Rdh8 28. Ne2 Nxe4 29. Rdf1 Rxh3 0-1

[Event "Buenos Aires Duchamp Boca op 3rd"]
[Site "Buenos Aires"]
[Date "2013.06.25"]
[Round "5"]
[White "Benedetti, Antonella"]
[Black "Barrionuevo, Pablo"]
[Result "0-1"]
[WhiteElo "1957"]
[BlackElo "2287"]
[PlyCount "98"]
[EventDate "2013.06.20"]
[EventType "swiss"]
[EventRounds "9"]
[EventCountry "ARG"]
[SourceTitle "CBM 155 Extra"]
[Source "ChessBase"]
[SourceDate "2013.08.26"]
[SourceVersion "1"]
[SourceVersionDate "2013.08.26"]
[SourceQuality "1"]

1. e4 d6 2. d4 Nf6 3. Nc3 c6 4. Be3 Nbd7 5. f4 Qa5 6. Bd3 e5 7. Nf3 Be7 8. 0-0 0-0 9. Kh1 Re8 10. Ne2 exd4 11. Nfxd4 Bf8 12. Ng3 c5 13. Nf3 Qc7 14. c4 b6 15. Qc2 Bb7 16. Rae1 g6 17. Bd2 Bg7 18. Bc3 Re7 19. b3 Rae8 20. Re2 Bc6 21. Rfe1 Qb7 22. Qb2 a6 23. a4 b5 24. axb5 axb5 25. Nd2 b4 26. Bxf6 Bxf6 27. Qc2 Bc3 28. Rd1 Nf6 29. Nb1 Bd4 30. Rde1 Kg7 31. Nd2 Bc3 32. Rd1 h5 33. Nf3 Nxe4 34. Nxe4 Bxe4 35. Bxe4 Rxe4 36. Rxe4 Rxe4 37. Rxd6 Qe7 38. Rd1 Rxf4 39. Qf2 Re4 40. Rf1 Rg4 41. h3 Rf4 42. Rd1 Re4 43. Qg3 h4 44. Qb8 Bd4 45. Nxd4 Re1+ 46. Rxe1 Qxe1+ 47. Kh2 cxd4 48. c5 d3 49. Qd6 Qg3+ 0-1

[Event "ARG-ch (Women) 65th"]
[Site "Villa Martelli"]
[Date "2013.04.07"]
[Round "3"]
[White "Benedetti, Antonella"]
[Black "Besso, Guadalupe"]
[Result "0-1"]
[WhiteElo "1982"]
[BlackElo "1737"]
[PlyCount "88"]
[EventDate "2013.04.03"]
[EventType "swiss"]
[EventRounds "9"]
[EventCountry "ARG"]
[SourceTitle "EXT 2014"]
[Source "ChessBase"]
[SourceDate "2013.11.20"]
[SourceVersion "1"]
[SourceVersionDate "2013.11.20"]
[SourceQuality "1"]

1. e4 c5 2. Nc3 Nc6 3. f4 g6 4. Nf3 Bg7 5. Bc4 e6 6. f5 Nge7 7. fxe6 dxe6 8. d3 0-0 9. 0-0 Nd4 10. Bg5 h6 11. Bh4 Nxf3+ 12. Qxf3 g5 13. Bf2 b6 14. e5 Rb8 15. Rae1 Bb7 16. Qg4 Nf5 17. Nd1 Qc7 18. Bg3 Qc6 19. Qf3 Qxf3 20. gxf3 Nd4 21. Re3 Nxc2 22. Re2 Nd4 23. Ref2 b5 24. Bb3 Rbd8 25. Nc3 h5 26. h4 Nf5 27. Bh2 Nxh4 28. Bc2 Nf5 29. Nxb5 Ne3 30. Rc1 Nxc2 31. Rcxc2 Rxd3 32. Rc3 Rd1+ 33. Rf1 Rd2 34. Rxc5 g4 35. Rf2 Rxf2 36. Kxf2 Bxf3 37. Nxa7 Ra8 38. Rc7 h4 39. Bf4 Bf8 40. a3 Bd5 41. b4 g3+ 42. Kg1 Kg7 43. Nb5 Bxb4 44. a4 Rxa4 0-1

[Event "ARG-ch 86th"]
[Site "La Plata"]
[Date "2012.07.04"]
[Round "1"]
[White "Mareco, Sandro"]
[Black "Benedetti, Antonella"]
[Result "1-0"]
[WhiteElo "2586"]
[BlackElo "2026"]
[PlyCount "97"]
[EventDate "2012.07.04"]
[EventType "swiss"]
[EventRounds "11"]
[EventCountry "ARG"]
[SourceTitle "CBM 149 Extra"]
[Source "ChessBase"]
[SourceDate "2012.08.24"]
[SourceVersion "1"]
[SourceVersionDate "2012.08.24"]
[SourceQuality "1"]

1. d4 Nf6 2. c4 c5 3. d5 b5 4. cxb5 a6 5. bxa6 Bxa6 6. Nc3 g6 7. g3 Bg7 8. Bg2 d6 9. Nf3 0-0 10. 0-0 Nbd7 11. Rb1 Qa5 12. Qc2 Nb6 13. Rd1 Bb7 14. Bd2 Na4 15. a3 Qa6 16. Nh4 Nd7 17. e3 Rfb8 18. Bf1 c4 19. e4 Bc8 20. Ng2 Ne5 21. Be2 Bd7 22. Ne3 Nxc3 23. Bxc3 Ba4 24. Qc1 Bxd1 25. Qxd1 Qa4 26. Qxa4 Rxa4 27. Bxe5 Bxe5 28. Nxc4 Bd4 29. b4 Bc3 30. Kf1 Bxb4 31. Bd3 Ra7 32. axb4 Rab7 33. e5 dxe5 34. Nxe5 Rxb4 35. Re1 R8b7 36. Nc6 Rb2 37. Nxe7+ Kf8 38. Nc6 Rd2 39. Re3 Rbb2 40. Rf3 Ke8 41. Ne5 Rd1+ 42. Kg2 f5 43. d6 Re1 44. Nc4 Rb4 45. Rf4 Rb3 46. Bc2 Rc3 47. Ba4+ Kd8 48. Na5 Rd3 49. Rb4 1-0

[Event "Buenos Aires Duchamp op 1st"]
[Site "Buenos Aires"]
[Date "2011.09.13"]
[Round "2"]
[White "Natan, Isaac"]
[Black "Benedetti, Antonella"]
[Result "0-1"]
[WhiteElo "1655"]
[BlackElo "2028"]
[PlyCount "48"]
[EventDate "2011.09.12"]
[EventType "swiss"]
[EventRounds "9"]
[EventCountry "ARG"]
[SourceTitle "EXT 2014"]
[Source "ChessBase"]
[SourceDate "2013.11.20"]
[SourceVersion "1"]
[SourceVersionDate "2013.11.20"]
[SourceQuality "1"]

1. c4 e5 2. Nc3 d6 3. g3 f5 4. d3 Nf6 5. Bg2 Be7 6. e3 0-0 7. Nge2 c6 8. 0-0 Qe8 9. f4 Ng4 10. h3 Nh6 11. e4 Qh5 12. fxe5 dxe5 13. Bxh6 Qxh6 14. Kh2 f4 15. Qc1 Bg5 16. gxf4 exf4 17. Rf3 Bg4 18. Qf1 Nd7 19. Kg1 Bxf3 20. Bxf3 Rf6 21. Nd4 Qg6 22. Nf5 Qe8 23. Rd1 Rd8 24. d4 g6 0-1

[Event "Buenos Aires Duchamp op 1st"]
[Site "Buenos Aires"]
[Date "2011.09.12"]
[Round "1"]
[White "Benedetti, Antonella"]
[Black "Obregon, Carlos Andres"]
[Result "0-1"]
[WhiteElo "2028"]
[BlackElo "2449"]
[PlyCount "92"]
[EventDate "2011.09.12"]
[EventType "swiss"]
[EventRounds "9"]
[EventCountry "ARG"]
[SourceTitle "EXT 2014"]
[Source "ChessBase"]
[SourceDate "2013.11.20"]
[SourceVersion "1"]
[SourceVersionDate "2013.11.20"]
[SourceQuality "1"]

1. e4 c5 2. Nc3 e6 3. f4 a6 4. a4 d5 5. d3 dxe4 6. dxe4 Qxd1+ 7. Kxd1 b6 8. Nf3 Bb7 9. Bd3 Nf6 10. Ke2 Nc6 11. Re1 Nb4 12. Ne5 Be7 13. Nc4 Nd7 14. Kf2 0-0 15. e5 Bc6 16. Re2 Nxd3+ 17. cxd3 Rad8 18. Ne4 f6 19. exf6 gxf6 20. b3 b5 21. axb5 axb5 22. Na5 Bd5 23. Nc3 Nb6 24. Nxb5 Kf7 25. Nc4 Nc8 26. Nc7 Rd7 27. Nxd5 Rxd5 28. Rd2 Rfd8 29. Ke2 R5d7 30. Bb2 Na7 31. Ra6 Rb8 32. Na5 Rc8 33. Kd1 Nb5 34. Nc6 Bf8 35. Rb6 Nd6 36. Nb8 Rdc7 37. Rc2 Nf5 38. Kd2 Bd6 39. g3 h5 40. Na6 Rc6 41. Rb7+ Kg6 42. Ra7 h4 43. g4 Bxf4+ 44. Ke2 Ne3 45. Rc1 Nd5 46. Rh1 Rb6 0-1

[Event "ARG-ch (Women)"]
[Site "Buenos Aires"]
[Date "2010.07.07"]
[Round "3"]
[White "Benedetti, Antonella"]
[Black "Nejanky, Maisa"]
[Result "0-1"]
[WhiteElo "1950"]
[BlackElo "2057"]
[PlyCount "68"]
[EventDate "2010.07.05"]
[EventType "swiss"]
[EventRounds "9"]
[EventCountry "ARG"]
[SourceTitle "CBM 137 Extra"]
[Source "ChessBase"]
[SourceDate "2010.09.01"]
[SourceVersion "1"]
[SourceVersionDate "2010.09.01"]
[SourceQuality "1"]

1. e4 c5 2. c3 d5 3. exd5 Qxd5 4. d4 Nf6 5. Nf3 Bg4 6. Be2 Nc6 7. 0-0 e6 8. Na3 a6 9. Nc2 cxd4 10. cxd4 Qd6 11. Ne3 Bh5 12. Qb3 Qb4 13. Qd1 Rd8 14. Bd2 Qb6 15. Bc3 Be7 16. Qa4 0-0 17. Rfd1 Qa7 18. d5 Nxd5 19. Nxd5 exd5 20. g4 Bg6 21. Nd4 Bc5 22. Nxc6 bxc6 23. Be1 Rfe8 24. Qxa6 Qd7 25. Bf3 Be4 26. Qe2 Bf5 27. Qf1 Bxg4 28. Bxg4 Qxg4+ 29. Qg2 Qf5 30. Kh1 Rd6 31. f3 Rg6 32. Bg3 h5 33. h4 Bd6 34. f4 Re3 0-1

[Event "Buenos Aires-ch (Women)"]
[Site "Buenos Aires"]
[Date "2008.10.04"]
[Round "9"]
[White "Benedetti, Antonella"]
[Black "Zuriel, Marisa"]
[Result "0-1"]
[WhiteElo "1816"]
[BlackElo "2231"]
[PlyCount "82"]
[EventDate "2008.09.27"]
[EventType "swiss"]
[EventRounds "9"]
[EventCountry "ARG"]
[SourceTitle "CBM 126 Extra"]
[Source "ChessBase"]
[SourceDate "2008.11.05"]
[SourceVersion "1"]
[SourceVersionDate "2008.11.05"]
[SourceQuality "1"]

1. e4 g6 2. f4 Bg7 3. Nf3 c6 4. d4 d5 5. e5 Bg4 6. h3 Bxf3 7. Qxf3 e6 8. Bd3 h5 9. Nc3 Nh6 10. Be3 Nf5 11. 0-0-0 h4 12. Bf2 Nd7 13. g4 hxg3 14. Bxg3 Nxd4 15. Qg4 Nf5 16. h4 Ne3 17. Qf3 Nxd1 18. Kxd1 Nc5 19. h5 Nxd3 20. cxd3 Qb6 21. hxg6 Rxh1+ 22. Qxh1 0-0-0 23. Kc2 fxg6 24. Qh7 Qc7 25. Qxg6 Qe7 26. f5 exf5 27. Qxf5+ Kb8 28. e6+ Ka8 29. Ne2 Re8 30. Nf4 Bh6 31. Qh5 Bxf4 32. Bxf4 Qxe6 33. Qh4 Qe2+ 34. Bd2 Qe7 35. Qd4 b6 36. a3 Qd7 37. Qa4 Kb7 38. Qf4 c5 39. Qf3 Rc8 40. b3 Qc6 41. Kb2 b5 0-1